Normal view MARC view
  • Vicente Ovalle, Camilo

Entry Nombre Personal

Number of records used in: 1

001 - NUMERO DE CONTROL

  • campo de control: 47813

003 - IDENTIFICADOR DE NUMERO DE CONTROL

  • campo de control: DLC

005 - FECHA Y HORA DE LA ÜLTIMA TRANSACCIÓN

  • campo de control: 20230228103821.0

008 - DATOS DE LONGITUD FIJA

  • campo de control de longitud fija: 200521n| azannaabn |a aaa c

010 ## - NÚMERO DE CONTROL DE LA BIBLIOTECA DEL CONGRESO

  • Número de control LC: no2020064098

035 ## - NUMERO DE CONTROL

  • Número de control: (OCoLC)oca12955899

040 ## - FUENTE DE CATALOGACIÓN

  • Agencia original de catalogación: ICU
  • Lenguaje de catalogación: spa
  • Description conventions: rda
  • Agencia de transcripción: ICU
  • Agencia que lo modifica: DLC
  • Agencia que lo modifica: MX-MxUPN

100 1# - ENCABEZAMIENTO - NOMBRE PERSONAL

  • Nombre personal: Vicente Ovalle, Camilo

370 ## - LUGAR ASOCIADO

  • Other associated place: Ciudad de México (México)
  • Fuente del término: naf

372 ## - CAMPO DE ACTIVIDAD

  • Field of activity: Violencia política--América Latina--Historia--Siglo XX
  • Fuente del término: lcsh

373 ## - GRUPO ASOCIADO

  • Associated group: Universidad Nacional Autónoma de México
  • Fuente del término: naf

374 ## - OCUPACIÓN

  • Occupation: Historiador
  • Fuente del término: lcsh

374 ## - OCUPACIÓN

  • Occupation: Investigador

377 ## - LENGUA ASOCIADA

  • Language code: spa

400 1# - VEÁSE - NOMBRE DE PERSONA

  • Personal name: Ovalle, Camilo Vicente

400 1# - VEÁSE - NOMBRE DE PERSONA

  • Personal name: Vicente, Camilo

670 ## - FUENTE EN LA QUE SE LOCALIZARON DATOS

  • Cita de la fuente: Vicente Ovalle, Camilo. [Tiempo suspendido], 2019:
  • Información localizada: portada (Camilo Vicente Ovalle) página 359, etc. (bib. ref.: Vicente Ovalle, Camilo; doctorate in history from Univ. Nac. Aut. de México)

670 ## - FUENTE EN LA QUE SE LOCALIZARON DATOS

  • Cita de la fuente: Camilo Vicente personal WWW page:
  • Información localizada: Semblanza (Camilo Vicente Ovalle; Camilo Vicente; holds doctorate from the Universidad Nacional Autónoma de México; research areas: political violence and state repression in the second half of the 20th century in Latin America)
  • Uniform Resource Identifier: http://www.camilovicente.com/semblanza/

902 ## - CATALOGADOR

  • Catalogador: NDAF/280223